Konjunkturní situace ve vybraných zemích Latinské Ameriky

Gespeichert in:
Bibliographische Detailangaben
Format: Buch
Sprache:Tschechisch
Veröffentlicht: Praha Výzkumný ústav vnějších ekonomických vztahů 1991
Tags: Tag hinzufügen
Keine Tags, Fügen Sie das erste Tag hinzu!

MARC

LEADER 00000nam a2200000 4500
001 c031036
005 20250526074759.3
041 0 |a cze 
044 |a CZ 
245 1 0 |a Konjunkturní situace ve vybraných zemích Latinské Ameriky 
264 1 |a Praha  |b Výzkumný ústav vnějších ekonomických vztahů  |c 1991 
300 |a 49 s.